| 000 | 03677nam a22002657a 4500 | ||
|---|---|---|---|
| 001 | 5150436 | ||
| 003 | UA-OsUOA | ||
| 005 | 20201105164040.0 | ||
| 008 | 200325b un ||||| |||| 00| 0 ukr d | ||
| 040 |
_aUA-OsUOA _bukr _cUA-OsUOA _dUA-OsUOA |
||
| 041 | _aukr | ||
| 080 | _a343.137:355.271(477) | ||
| 090 | _a343.137:355.271(477) | ||
| 095 |
_a12.00.09 _bкримінальний процес та криміналістика; судова експертиза; оперативно-розшукова діяльність |
||
| 100 | _aЛазукова О. В. | ||
| 245 |
_aОсобливий режим досудового розслідування в умовах воєнного, надзвичайного стану або у районі проведення антитерористичної операції _cЛазукова Оксана Володимирівна ; наук. керівник Капліна Оксана Володимирівна |
||
| 260 |
_aХарків _c2018 |
||
| 300 | _a20 с. | ||
| 502 |
_6Автореферат дисертації на здобуття наукового ступеня кандидата юридичних наук
_cНаціональний юридичний університет імені Ярослава Мудрого _d2018 |
||
| 520 | _aРобота спрямована на поглиблене вивчення теоретичних і прикладних аспектів здійснення досудового розслідування в умовах воєнного, надзвичайного стану або у районі проведення АТО. Досліджуються історія розвитку кримінального процесуального законодавства в умовах дії особливих правових режимів і практика його реалізації. Аргументується наукова позиція стосовно характеристики норм, що регулюють здійснення досудового розслідування в умовах воєнного, надзвичайного стану або у районі проведення АТО, як нового інституту кримінального процесуального права, виокремлюються передумови їх інституціоналізації. Констатовано поліаспектність функціонального призначення розглядуваного інституту. Виокремлені й охарактеризовані загальні положення особливого режиму досудового розслідування в "надзвичайних умовах". На підставі проведеного дослідження, з урахуванням правозастосовної практики, сформульовано науково обґрунтовані пропозиції щодо удосконалення кримінального процесуального законодавства у частині здійснення досудового розслідування в умовах воєнного, надзвичайного стану або у районі проведення АТО. | ||
| 650 |
_2UDC _a343 Кримінальне право. Карні порушення |
||
| 942 |
_2udc _cAR |
||
| 955 | _a1 | ||
| 999 |
_c458602 _d458602 |
||